书目信息 |
| 题名: |
论反对派
|
|
| 作者: | 斯大林 著 ;中共中央马恩列斯著作编译局 译 | |
| 分册: | ||
| 出版信息: | 北京 人民出版社 1963.04 |
|
| 页数: | 618页 | |
| 开本: | 20cm | |
| 丛书名: | ||
| 单 册: | ||
| 中图分类: | A31 | |
| 科图分类: | ||
| 主题词: | 斯大林著作--单行本--1926~1929年 , 斯大林著作--选集 , 斯大林著作--文集 | |
| 电子资源: | ||
| ISBN: | ||
| 000 | 00774nam0 2200241 45 | |
| 001 | 1258941672 | |
| 005 | 20121003162414.81 | |
| 010 | @dCNY1.15 | |
| 091 | @a1001.552 | |
| 100 | @a20810111d km y0chiy0120 ea | |
| 101 | 0 | @achi |
| 200 | 1 | @a论反对派@ALUN FAN DUI PAI@e1921-1927年@E1921-1927 Nian@f斯大林著@FSi Da Lin Zhu@g中共中央马恩列斯著作编译局译 |
| 210 | @a北京@c人民出版社@d1963.04 | |
| 215 | @a618页@d20cm | |
| 517 | @a1921-1927年@A1921-1927 Nian | |
| 606 | 0 | @a斯大林著作@x单行本@z1926~1929年 |
| 606 | 0 | @a斯大林著作@x选集 |
| 606 | 0 | @a斯大林著作@x文集 |
| 690 | @aA31@v4 | |
| 701 | 0 | @a斯大林@4著 |
| 712 | 02 | @a中共中央马恩列斯著作编译局@AZhong Gong Zhong Yang Ma En Lie Si Zhu ZuoBian Yi Ju@4译 |
| 801 | @aCN@bTSTC@c20060726 | |
| 905 | @a10447@dA31@eJY2 | |
| 论反对派:1921-1927年/斯大林著/中共中央马恩列斯著作编译局译.-北京:人民出版社,1963.04 |
| 618页;20cm |
| ISBN :CNY1.15 |
| ● |
| 相关链接 |
|
|
|
|
正题名:论反对派
索取号:A31/JY2
 
预约/预借
| 序号 | 登录号 | 条形码 | 馆藏地/架位号 | 状态 | 备注 |
| 1 | 7800327 | 278003278 | 学院路分馆/ [索取号:A31/JY2] | 在馆 | |
| 2 | 7800328 | 278003287 | 学院路分馆/ [索取号:A31/JY2] | 在馆 |